Smak prystrasti

Bibliographic Details
Main Author: Matios, Marija, 1959- (Author)
Format: Article
Language:Slovak
Ukrainian
PhysicalDescription:Fotogr.
Subjects:

MARC

LEADER 00000nab a2200000 a 4500
001 vtls000780091
003 SK-MaSNL
005 20260304115005.0
008 250429c2001 xo 0 slo
015 |a SNBRB2002/01-02065 
035 |a CLN000131847 
035 |a urn:nbn:sk:snk-abbuyk 
035 |a (urnnbn)urn:nbn:sk:snk:ar-001czg 
035 |a (uuid)6285c962-49c1-4b46-94f5-9283c9046a85 
040 |a SNKBUCL  |b slo  |c SNKBUCL  |e AACR2 
041 0 |a ukr 
044 |a xo  |c SK 
080 |a 883-3=83  |2 1997 
080 |a 82:929:883  |2 1997 
080 |a 883:929  |2 1997 
080 |a 929 Matios, Marija  |2 1997 
100 1 |a Matios, Marija,  |d 1959-  |4 aut  |9 1150701 
245 1 0 |a Smak prystrasti  |c Marija Matios 
300 |b Fotogr. 
600 1 7 |a Matios, Marija  |d 1959-  |2 snkbucl  |9 1150701 
650 0 7 |a spoločenské poviedky, ukrajinské  |2 snkbucl  |9 70189 
655 7 |a články z novín a časopisov  |2 snkbucl  |9 267496 
773 0 |t Duklja  |g Roč. 49, č. 4 (2001), s. 13-24 
850 |a Slovenská národná knižnica 
852 |a Slovenská národná knižnica 
958 |a article15 
958 |a OND 
958 |a UK 
958 |a SK 
958 |a LX 
958 |a UA 
958 |a EUIPO 
992 |a RBX 
999 |c 2874530  |d 2876460